| 000 | 00701nam a2200133Ia 4500 | ||
|---|---|---|---|
| 008 | 171212s9999 xx 000 0 und d | ||
| 020 | _a9780833082152 | ||
| 100 | _aRobbert, Albert A.;Bigelow, James H.;Boon, John E. Jr.;Harrington, Lisa M.;McGee, Michael | ||
| 245 |
_cRobbert, Albert A.;Bigelow, James H.;Boon, John E. Jr.;Harrington, Lisa M.;McGee, Michael _aSuitability of Missions for the Air Force Reserve Components |
||
| 260 |
_bRAND Corporation _c2014 |
||
| 650 | _aHistory | ||
| 650 | _aUnited States. Air Force -- Reserves--Organization; United States. Air Force -- Operational readiness; United States. Air Force -- Mobilization | ||
| 856 | _uhttp://www.jstor.org/stable/10.7249/j.ctt6wq8wp | ||
| 999 |
_c352586 _d352586 |
||